Khuanggin youth club 25th year 1964 silver jubilee magazine 1988 : (Record no. 10042)

MARC details
000 -LEADER
fixed length control field 00458nam a22001457a 4500
003 - CONTROL NUMBER IDENTIFIER
control field GBCCL
005 - DATE AND TIME OF LATEST TRANSACTION
control field 20241126110724.0
008 - FIXED-LENGTH DATA ELEMENTS--GENERAL INFORMATION
fixed length control field 240213b ||||| |||| 00| 0 eng d
040 ## - CATALOGING SOURCE
Transcribing agency gbc
082 ## - DEWEY DECIMAL CLASSIFICATION NUMBER
Classification number MAG KHU
Item number 1988
245 ## - TITLE STATEMENT
Title Khuanggin youth club 25th year 1964 silver jubilee magazine 1988 :
Remainder of title Ebenezer, itna pankhawmna muanna /
Statement of responsibility, etc. edited by G Kaikhanmang
260 ## - PUBLICATION, DISTRIBUTION, ETC.
Place of publication, distribution, etc. Khuanggin :
Name of publisher, distributor, etc. Khuanggin youth club ,
Date of publication, distribution, etc. 1988
300 ## - PHYSICAL DESCRIPTION
Extent 51p.
942 ## - ADDED ENTRY ELEMENTS (KOHA)
Source of classification or shelving scheme Dewey Decimal Classification
Koha item type Archives
Holdings
Withdrawn status Lost status Source of classification or shelving scheme Damaged status Not for loan Home library Current Library Shelving location Date acquired Total checkouts Full call number Barcode Date last seen Copy number Price effective from Koha item type
    Dewey Decimal Classification     GRACE BIBLE COLLEGE GRACE BIBLE COLLEGE Archives 2024-02-13   MAG KHU 1988 250274 2025-05-01 c.1 2024-02-13 Archives
© Grace Bible College Library 2025